000 01104nam a22003257a 4500
003 CHAP
005 20220329135119.0
008 971013s1972 r 00010 d
010 _a31136
011 _a32108
035 _a36221
040 _cCHAP
082 _a615.944
_bL6Y
100 0 0 _aLongrée, Karla.
_967602
245 _aTécnicas sanitarias en el manejo de los alimentos
260 _aMéxico :
_bPax-México,
_c1972
300 _a316 p.
_b: ilus.
500 _ac.3 reimp. de 1984
590 _aBATCH-UPD
_b10
_c20130110
_lUCH01
_h1857
590 _aBATCH-UPD
_b10
_c20130410
_lUCH01
_h1225
590 _aBATCH-UPD
_b10
_c20130914
_lUCH01
_h1925
590 _aCONVERSION
_b10
_c20130109
_lUCH01
_h1318
650 1 4 _aAlimentos
_xHigiene.
_94224
700 0 _aBlaker, Gertrude G.
_913046
901 _aBK
942 _cLIBRO
949 _a615.944 L6Y
_bBC
_cLIBRO
_d33724000012811
_eLIBRO
_fc.3
_gI. c/e
_h77714
_i36221
_mDir.
_si
949 _a615.944 L6Y
_bBC
_cLIBRO
_d33724000012829
_eLIBRO
_fc.2
_h31690
_i36221
_mD AID
_si
949 _a615.944 L6Y
_bBC
_cLIBRO
_d33724000012837
_eLIBRO
_h31689
_i36221
_mD AID
_si
999 _c31136
_d31136